000 00493nam a2200181 4500
003 SEACOMMC
005 20250430151350.0
008 250116b |||||||| |||| 00| 0 eng d
020 _a1-8731-044-X
_cRs.595.00
040 _aSEACOMMC
082 _a338.4791
_bC 776
100 _aCooper, Chris
245 1 _aClassic Reviews in Tourism /
_c edited by Chris Cooper
260 _a Kolkata
_b Viva-Books
_c2006
440 _aAspects of Tourism.3
650 _a Tourism -- Research
942 _cBOOK
999 _c1010
_d1010